La autonomía financiera de América Latina en la crisis económica mundial /

Pedro Páez Pérez defiende aquí la necesidad de una mayor autonomía financiera de América Latina, en el marco de la actual crisis económica mundial, que define como estructural y sistémica. La creación del Banco del Sur, en cuyo diseño se han comprometido siete países de la región, constituye un paso...

Full description

Bibliographic Details
Main Author: Páez Pérez, Pedro
Format: Analitica de revista
Language:Spanish
Published: Buenos Aires Observatorio Social de América Latina 2010
Online Access:Acceso electrónico al documento

MARC

LEADER 00000cab a2200000 a 4500
001 042459
003 UAHC_CL
005 20170803124703.0
008 101020b2010 mx 1100 spa
040 |a UAHC_CL  |c UAHC_CL  |d UAHC_CL 
100 1 |a Páez Pérez, Pedro 
245 1 3 |a La autonomía financiera de América Latina en la crisis económica mundial /  |c Pedro Páez Pérez. 
260 |b Observatorio Social de América Latina  |a Buenos Aires  |c 2010 
300 |a p. 149-156 
500 |a En: Revista del Observatorio Social en América Latina, nº27, 2010. p. 149-156. ISSN 15153282. 
500 |a En: Revista del Observatorio Social en América Latina, nº27, 2010. p. 149-156. ISSN 15153282. 
520 |a Pedro Páez Pérez defiende aquí la necesidad de una mayor autonomía financiera de América Latina, en el marco de la actual crisis económica mundial, que define como estructural y sistémica. La creación del Banco del Sur, en cuyo diseño se han comprometido siete países de la región, constituye un paso trascendental en el proceso de integración, lo que permitiría montar una línea de defensa eficaz frente a los embates especulativos del Norte, al mismo tiempo que facilitaría los intercambios locales y el financiamiento del desarrollo, eludiendo el control y la costosa intermediación de los actuales centros financieros oligopólicos. Esta nueva arquitectura financiera, según explica Páez, es fundamental para reconstruir el tejido económico y social desde lógicas más amplias que las de la rentabilidad del capital. Advierte, asimismo, que para que este proceso pueda concretarse es fundamental el papel de los movimientos sociales y del\pensamiento alternativo. 
520 |a Pedro Páez Pérez defiende aquí la necesidad de una mayor autonomía financiera de América Latina, en el marco de la actual crisis económica mundial, que define como estructural y sistémica. La creación del Banco del Sur, en cuyo diseño se han comprometido siete países de la región, constituye un paso trascendental en el proceso de integración, lo que permitiría montar una línea de defensa eficaz frente a los embates especulativos del Norte, al mismo tiempo que facilitaría los intercambios locales y el financiamiento del desarrollo, eludiendo el control y la costosa intermediación de los actuales centros financieros oligopólicos. Esta nueva arquitectura financiera, según explica Páez, es fundamental para reconstruir el tejido económico y social desde lógicas más amplias que las de la rentabilidad del capital. Advierte, asimismo, que para que este proceso pueda concretarse es fundamental el papel de los movimientos sociales y del\pensamiento alternativo. 
520 |a Pedro P·ez PÈrez defiende aquÌ la necesidad de una mayor autonomÌa financiera de AmÈrica Latina, en el marco de la actual crisis econÛmica mundial, que define como estructural y sistÈmica. La creaciÛn del Banco del Sur, en cuyo diseÒo se han comprometido siete paÌses de la regiÛn, constituye un paso trascendental en el proceso de integraciÛn, lo que permitirÌa montar una lÌnea de defensa eficaz frente a los embates especulativos del Norte, al mismo tiempo que facilitarÌa los intercambios locales y el financiamiento del desarrollo, eludiendo el control y la costosa intermediaciÛn de los actuales centros financieros oligopÛlicos. Esta nueva arquitectura financiera, según explica P·ez, es fundamental para reconstruir el tejido econÛmico y social desde lÛgicas m·s amplias que las de la rentabilidad del capital. Advierte, asimismo, que para que este proceso pueda concretarse es fundamental el papel de los movimientos sociales y del\pensamiento alternativo. 
759 |a PP144 
773 0 |t Revista derecho y humanidades  |w 030081 
856 |u http://bibliotecavirtual.clacso.org.ar/ar/libros/osal/osal27/18Paez.pdf  |3 Acceso electrónico al documento  |y Acceso electrónico al documento 
856 |u http://bibliotecavirtual.clacso.org.ar/ar/libros/osal/osal27/18Paez.pdf  |3 Acceso electrónico al documento  |y Acceso electrónico al documento 
900 |a REVISTA OSAL-27/10 
942 |c REVA 
952 |0 0  |1 0  |4 0  |6 REVISTA_OSAL27_10_000000000000000  |7 0  |8 General  |9 79153  |a BC  |b BC  |c General  |d 2017-08-03  |l 0  |o REVISTA OSAL-27/10  |p FICTICIO7597  |r 2019-01-08 00:00:00  |t 1  |w 2017-08-03  |y REVA 
999 |c 42459  |d 42459